banner-ar

عيوب النفس ودواؤها : (Record no. 50155)

MARC details
000 -الفاتح
حقل البيانات ثابتة الطول 00833nam a2200217Ia 4500
008 - عناصر البيانات ثابتة الطول - معلومات عامة
حقل البيانات ثابتة الطول 140319s9999 xx 000 0 ara d
040 ## - مصدر الفهرسة
وكالة الفهرسة الأصلية GCL /
وكالة النسخ GCL
082 04 - رقم تصنيف ديوى العشرى
رقم التصنيف 189.5
رقم المادة م ع
100 1# - المدخل الرئيسى - إسم شخصى
الإسم الشخصى ابى عبدالرحمن السلمى
245 10 - بيان العنوان
العنوان عيوب النفس ودواؤها :
بقية العنوان لابى عبدالرحمن السلمى (325 - 412هـ): مع مقدمة عن الدراسات النفسية عند الصوفية /
بيان المسئوليه,etc ابى عبدالرحمن السلمى
700 1# - المدخل الاضافى - اسم شخصى
الإسم الشخصى محمد السيد الجليند
250 ## - بيان الطبعة
بيان الطبعة الاولى
260 ## - PUBLICATION, DISTRIBUTION, ETC. (IMPRINT)
تاريخ النشر أو التوزيع 1993
300 ## - الوصف المادى
التعداد 111 ص ؛
أبعاد الوعاء 19سم
490 ## - بيان السلسلة
عنوان السلسلة نوادر المخطوطات
رقم المجلد/ التعيين التسلسلي 0
650 04 - المدخل الاضافى بالموضوع-مصطلح موضوعى
مصطلح موضوعي التصوف الاسلامى
650 04 - المدخل الاضافى بالموضوع-مصطلح موضوعى
مصطلح موضوعي التصوف
650 04 - المدخل الاضافى بالموضوع-مصطلح موضوعى
مصطلح موضوعي علم النفس
942 ## - عناصر المدخل الإضافي( كوها)
مصدر التصنيف او مخطط الترفيف Dewey Decimal Classification
Koha [default] item type كتاب
260 ## - PUBLICATION, DISTRIBUTION, ETC. (IMPRINT)
-- القاهرة :
-- مطبعة التقدم ،
Holdings
حالة التراجع حالة الفقد حالة تلف ليس للاعارة المكان المؤقت الموقع الحالى تاريخ الاكتساب اجمالي اﻻعارات رقم الطلب الباركود تاريخ اخر مشاهدة تاريخ تفعيل السعر نوع وعاء كوها
        مكتبة القاهرة الكبرى مكتبة القاهرة الكبرى 03/26/2014   189.5\م ع 120242 03/26/2014 03/26/2014 كتاب
        مكتبة القاهرة الكبرى مكتبة القاهرة الكبرى 03/26/2014   189.5\م ع 120243 03/26/2014 03/26/2014 كتاب
        مكتبة القاهرة الكبرى مكتبة القاهرة الكبرى 03/26/2014   189.5\م ع 120244 03/26/2014 03/26/2014 كتاب
        مكتبة القاهرة الكبرى مكتبة القاهرة الكبرى 03/26/2014   189.5\م ع 120245 03/26/2014 03/26/2014 كتاب

Powered By

EGPV